All Travis Scott Songs - Statistics

General Stats
  • This quiz has been taken 12,265 times
    10,552 since last reset
  • The average score is 58 of 159
Answer Stats
Album Song % Correct
Astroworld Sicko Mode
87%
Huncho Jack, Jack Huncho Go
85%
Rodeo 90210
76%
Birds in the Trap Sing McKnight Goosebumps
76%
Astroworld Stargazing
76%
UTOPIA FE!N
74%
UTOPIA HYAENA
74%
UTOPIA MY EYES
74%
Cruis'n USA Hi
71%
ESCAPE PLAN / MAFIA MAFIA
70%
Astroworld Astrothunder
69%
ESCAPE PLAN / MAFIA ESCAPE PLAN
69%
Single #3 Highest in the Room
69%
Rodeo Antidote
68%
Astroworld Butterfly Effect
67%
UTOPIA MELTDOWN
67%
Rodeo Nightcrawler
67%
Astroworld Skeletons
67%
Rodeo 3500
66%
Rodeo Apple Pie
65%
Astroworld Coffee Bean
65%
UTOPIA TELEKINESIS
65%
UTOPIA THANK GOD
65%
UTOPIA TIL FURTHER NOTICE
65%
UTOPIA I KNOW ?
64%
Rodeo Pornography
64%
UTOPIA TOPIA TWINS
63%
Astroworld Can't Say
62%
Astroworld Carousel
62%
UTOPIA MODERN JAM
62%
UTOPIA K-POP
61%
Astroworld 5% Tint
60%
UTOPIA GOD'S COUNTRY
60%
Rodeo Maria I'm Drunk
60%
Astroworld Stop Trying to Be God
60%
JACKBOYS Out West
59%
UTOPIA SIRENS
59%
Days Before Rodeo Drugs You Should Try It
58%
Astroworld No Bystanders
58%
Astroworld Yosemite
58%
UTOPIA DELRESTO (ECHOES)
57%
UTOPIA LOOOVE
57%
Astroworld NC-17
57%
UTOPIA SKITZO
57%
UTOPIA CIRCUS MAXIMUS
56%
Astroworld Houstonfornication
56%
Days Before Rodeo Mamacita
55%
Astroworld R.I.P. Screw
54%
Astroworld Who? What!
54%
Owl Pharaoh Bad Mood / Sh*t on You
53%
Rodeo Oh My Dis Side
53%
UTOPIA PARASAIL
53%
Birds in the Trap Sing McKnight Pick Up the Phone
53%
Astroworld Wake Up
53%
JACKBOYS Gatti
51%
Rodeo Piss on Your Grave
51%
Birds in the Trap Sing McKnight The Ends
51%
Rodeo Impossible
49%
UTOPIA LOST FOREVER
49%
Rodeo Pray 4 Love
49%
Birds in the Trap Sing McKnight SDP Interlude
49%
Birds in the Trap Sing McKnight Beibs in the Trap
47%
Birds in the Trap Sing McKnight Way Back
47%
Single #6 FRANCHISE
44%
Cruis'n USA OK
44%
Rodeo OK Alright
43%
Rodeo Wasted
43%
Birds in the Trap Sing McKnight Coordinate
42%
Rodeo Flying High
42%
JACKBOYS JackBoys
42%
Birds in the Trap Sing McKnight Sweet Sweet
42%
JACKBOYS What to Do?
42%
Rodeo I Can Tell
41%
Owl Pharaoh Quintana
41%
Rodeo Never Catch Me
40%
Single #3 THE SCOTTS
40%
Birds in the Trap Sing McKnight Through the Late Night
40%
Birds in the Trap Sing McKnight Wonderful
40%
Days Before Rodeo Backyard
39%
JACKBOYS Gang Gang
39%
Days Before Rodeo Days Before Rodeo: The Prayer
37%
Days Before Rodeo Quintana Pt. 2
36%
Days Before Rodeo Skyfall
36%
Owl Pharaoh Upper Echelon
36%
Days Before Rodeo Zombies
36%
Birds in the Trap Sing McKnight Guidance
34%
Birds in the Trap Sing McKnight Outside
34%
Huncho Jack, Jack Huncho Black & Chinese
33%
JACKBOYS Highest in the Room (Remix)
33%
Birds in the Trap Sing McKnight Lose
33%
Days Before Rodeo Don't Play
32%
Days Before Rodeo Grey
32%
Birds in the Trap Sing McKnight First Take
31%
Huncho Jack, Jack Huncho Huncho Jack
31%
JACKBOYS Had Enough
30%
Days Before Rodeo Sloppy Toppy
30%
Huncho Jack, Jack Huncho Saint
29%
Days Before Rodeo BACC
28%
Days Before Rodeo Basement Freestyle
28%
Huncho Jack, Jack Huncho Modern Slavery
27%
Owl Pharaoh Hell of a Night
26%
Huncho Jack, Jack Huncho Motorcycle Patches
25%
Single A-Team
24%
Single #2 Watch
23%
Single #5 The Plan
22%
Black Panther: The Album Big Shot
21%
Huncho Jack, Jack Huncho Eye 2 Eye
21%
Single #7 Down in Atlanta
19%
Huncho Jack, Jack Huncho Saint Laurent Mask
19%
Huncho Jack, Jack Huncho How U Feel
18%
Huncho Jack, Jack Huncho Moon Rock
18%
Huncho Jack, Jack Huncho Where U From
18%
Huncho Jack, Jack Huncho Best Man
16%
Single #4 TKN
16%
No.6 Collaborations Project Antisocial
15%
Huncho Jack, Jack Huncho Dubai Sh*t
12%
Owl Pharaoh MIA
12%
B.A.P.E. | Buddy Rich Bape
11%
Owl Pharaoh Dance on the Moon
11%
Owl Pharaoh Meadow Creek
11%
Owl Pharaoh Uptown
11%
Owl Pharaoh Bandz
10%
B.A.P.E. Intro
10%
For the Throne: Music Inspired by the HBO Series Game of Thrones Power Is Power
10%
Owl Pharaoh Blocka La Flame
9%
Owl Pharaoh Chaz Interlude
9%
Crash Talk CHopstix
9%
Owl Pharaoh Drive
9%
Owl Pharaoh Naked
9%
Single #5 A Man
7%
Cold Winter Champions
6%
Single #4 Green & Purple
6%
B.A.P.E. O.D.
6%
The Graduates Day 'n' Nite
5%
B.A.P.E. Goodbye (Outro)
5%
Cruis'n USA #727
4%
Cruis'n USA Amazing
4%
B.A.P.E. Bad B***h
4%
Cruis'n USA Compton
4%
The Graduates Dream
4%
Cruis'n USA Hookers & B***hes
4%
The Cla$$mate$ | The Graduates Instrumental
4%
The Graduates No Introduction
4%
B.A.P.E. Pro Nails
4%
Cruis'n USA $tay
4%
Cruis'n USA The Mack
4%
Buddy Rich Ahoy
3%
Cruis'n USA Duke of Earl
3%
B.A.P.E. Good Life
3%
B.A.P.E. I Love Highschool
3%
B.A.P.E. Pro Nails 2
3%
The Graduates Rush
3%
The Cla$$mate$ Tree
3%
Cruis'n USA Twice
3%
The Graduates Who Am I
3%
The Graduates Have You Ever Heard
2%
Buddy Rich Pill$ & Coco Puff$
2%
No matching quizzes found
Score Distribution
Percent of People with Each Score
Percentile by Number Answered
Your Score History
You have not taken this quiz since the last reset